Volver a la memoria

Kaydedildi:
Detaylı Bibliyografya
Yazar: Olea, Raquel (autora)
Diğer Yazarlar: Grau Duhart, Olga (autora)
Materyal Türü: Kitap
Dil:İspanyolca
Baskı/Yayın Bilgisi: Santiago Lom 2001
Seri Bilgileri:Colección Contraseña, Estudios de Género. Serie Casandra
Konular:
Etiketler: Etiketle
Etiket eklenmemiş, İlk siz ekleyin!

MARC

LEADER 00000nam a2200000 a 4500
001 UCM9176
003 CL-VaPUC
005 20241213123345.0
008 030411e20010000CL |||||||||||||||||spa|d
999 |c 303552  |d 303550 
040 |c Pontificia Universidad Católica de Valparaíso 
082 0 4 |a 320.983  |b OLE  |2 21 
100 |a Olea, Raquel  |e autora  |9 475626 
245 1 0 |a Volver a la memoria 
260 |a Santiago  |b Lom  |c 2001 
300 |a 152 p 
490 0 |a Colección Contraseña, Estudios de Género. Serie Casandra 
583 |a last modification  |c 20030411 00:00:00  |k Rodrigo Vera 
650 0 |a Historia política  |9 256974 
650 0 |a Dictadura militar  |9 389291 
650 0 |a Democracia  |9 255256 
651 7 |a CHILE  |2 CL-VaPUC  |9 475628 
700 |a Grau Duhart, Olga  |e autora  |9 877270 
942 |c BK  |2 ddc 
945 |d 20030411 00:00:00  |a cmena 
952 |0 0  |1 0  |4 0  |6 320_983000000000000_OLE_2001  |7 0  |8 A  |9 364917  |a BIBGIM  |b BIBGIM  |d 2019-11-21  |i 3895394  |o 320.983 OLE 2001  |p 3895394  |r 2025-01-15  |w 2019-11-21  |y BK  |k SSL